[Event "CPA 2018 Zevio"]
[Site "?"]
[Date "2018.01.27"]
[Round "3.21"]
[White "Carraroli, Damiano"]
[Black "Di Giovanni, Giuseppe"]
[Result "1-0"]
[WhiteElo "1440"]
[BlackElo "1610"]
[PlyCount "51"]
[EventDate "2018.??.??"]

1. e4 c6 2. Nc3 g6 3. h4 d5 4. d4 Bg7 5. Be3 dxe4 6. Bc4 Nf6 7. Bb3 O-O 8. h5
Bg4 9. f3 exf3 10. gxf3 Bxh5 11. Qd2 Qc7 12. O-O-O Na6 13. Bh6 Rad8 14. Bxg7
Kxg7 15. Nge2 Nc5 16. Rdg1 Nxb3+ 17. axb3 c5 18. Ng3 Kh8 19. Nce4 Qc6 20. Qh6
Ng8 21. Qf4 cxd4 22. Nxh5 Rc8 23. Rg2 gxh5 24. Qe5+ f6 25. Qxh5 h6 26. Qxh6+
1-0

[Event "CPA 2018 Zevio"]
[Site "?"]
[Date "2018.01.27"]
[Round "3.22"]
[White "Negro, Raffaele"]
[Black "Jirillo, Antonio"]
[Result "1-0"]
[WhiteElo "1875"]
[BlackElo "1609"]
[PlyCount "81"]
[EventDate "2018.??.??"]

1. d4 d5 2. Bf4 c6 3. e3 Nf6 4. c4 Qb6 5. Qb3 Qxb3 6. axb3 Bf5 7. Nc3 e6 8. c5
Na6 9. Bxa6 bxa6 10. Rxa6 Kd7 11. Nf3 Ne4 12. Ne5+ Ke8 13. Nxc6 g5 14. Nxe4
Bxe4 15. Be5 Rg8 16. f3 Bd3 17. Rxa7 Rxa7 18. Nxa7 Rg6 19. Kd2 f6 20. Bg3 Rg7
21. Ra1 Bf5 22. c6 Bb4+ 23. Kd1 e5 24. dxe5 fxe5 25. Bxe5 Bc5 26. Bd4 Bxa7 27.
Rxa7 Rxa7 28. Bxa7 Kd8 29. Bb6+ Kc8 30. Kd2 h5 31. b4 Bb1 32. Kc3 Bg6 33. b5
Kb8 34. Kd4 Bf7 35. Ke5 g4 36. f4 h4 37. Kf5 h3 38. g3 d4 39. Bxd4 Bc4 40. b6
Be2 41. Be5+ 1-0

[Event "CPA 2018 Zevio"]
[Site "?"]
[Date "2018.01.28"]
[Round "4.1"]
[White "Zenari, Marco"]
[Black "Zanchetta, Nicola"]
[Result "1-0"]
[WhiteElo "2019"]
[BlackElo "2041"]
[PlyCount "75"]
[EventDate "2018.??.??"]

1. e4 e6 2. d4 d5 3. Nc3 dxe4 4. Nxe4 Bd7 5. Bg5 Be7 6. Bxe7 Nxe7 7. Bd3 Bc6 8.
Nf3 Nf5 9. c3 Nd7 10. Qe2 Nh4 11. Nxh4 Qxh4 12. O-O Nf6 13. Nxf6+ gxf6 14. Bb5
Rg8 15. Bxc6+ bxc6 16. Qf3 Kd7 17. Rfe1 Rg6 18. Re4 Qg5 19. g3 Rag8 20. Qf4 h5
21. Qxg5 Rxg5 22. h4 Ra5 23. a4 c5 24. dxc5 Rxc5 25. Rd1+ Ke7 26. Red4 Rb8 27.
R1d2 e5 28. R4d3 Ke6 29. Rd8 Rb6 30. Rh8 Ra6 31. Rxh5 Rxa4 32. Rh8 Ra2 33. h5
e4 34. g4 f5 35. h6 Kf6 36. Rg8 fxg4 37. h7 Ra1+ 38. Kg2 1-0

[Event "CPA 2018 Zevio"]
[Site "?"]
[Date "2018.01.28"]
[Round "4.2"]
[White "Garonzi, Martino"]
[Black "Marin, Alessandro"]
[Result "1-0"]
[WhiteElo "2023"]
[BlackElo "1999"]
[PlyCount "79"]
[EventDate "2018.??.??"]

1. e4 c5 2. Nf3 e6 3. d4 cxd4 4. Nxd4 a6 5. c4 Nf6 6. Nc3 Qc7 7. Be3 Bb4 8. Bd3
Nc6 9. O-O O-O 10. Rc1 Ne5 11. f3 Bc5 12. Kh1 d6 13. b3 Nc6 14. Bb1 Nxd4 15.
Bxd4 Bxd4 16. Qxd4 Qc5 17. Qxc5 dxc5 $11 18. e5 Nd7 19. f4 Rb8 20. Ne4 b6 21.
Rfd1 Rd8 22. Rd6 Kf8 23. Rcd1 Ke7 24. Kg1 Bb7 25. Ng5 Nf8 26. Nxf7 Rxd6 27.
Nxd6 Rd8 28. Kf2 Bc6 29. g3 g6 30. Ke3 Nd7 31. Rd2 Nb8 32. h4 Ba8 33. h5 gxh5
34. Rh2 Rg8 35. Kf2 h6 36. Rxh5 Rh8 37. g4 Kf8 38. g5 Kg7 39. gxh6+ Rxh6 40.
Ne8+ 1-0

[Event "CPA 2018 Zevio"]
[Site "?"]
[Date "2018.01.28"]
[Round "4.3"]
[White "Carli, Carlo"]
[Black "Gallo, Giulio"]
[Result "1-0"]
[WhiteElo "2060"]
[BlackElo "1547"]
[PlyCount "51"]
[EventDate "2018.??.??"]

1. e4 c5 2. d4 cxd4 3. c3 dxc3 4. Nxc3 Nc6 5. Nf3 d6 6. Bc4 e6 7. O-O Nf6 8.
Qe2 a6 9. Rd1 Qc7 10. Bg5 Be7 11. Rac1 O-O 12. Bb3 Bd7 13. Nd5 exd5 14. exd5
Rfe8 15. dxc6 bxc6 16. Qd3 Ne4 17. Bf4 Bf5 18. Qc4 Bf6 19. Nd4 Bxd4 20. Qxd4
Rad8 21. f3 c5 22. Qc4 Be6 23. Qxa6 Bxb3 24. axb3 Nf6 25. Rxd6 Rxd6 26. Qxd6
1-0

[Event "CPA 2018 Zevio"]
[Site "?"]
[Date "2018.01.28"]
[Round "4.5"]
[White "Pisani, Valerio"]
[Black "Goldoni, Claudio"]
[Result "0-1"]
[WhiteElo "1660"]
[BlackElo "1986"]
[PlyCount "38"]
[EventDate "2018.??.??"]

1. e4 e5 2. Nf3 Nc6 3. Bb5 g6 4. Bxc6 dxc6 5. d3 Bg7 6. Nbd2 Ne7 7. h3 O-O 8.
Nc4 f6 9. Bd2 Be6 10. Ne3 c5 11. Ng4 Qd7 12. Nh6+ Kh8 13. g4 Rad8 14. Be3 c4
15. Ke2 Qc6 16. Qd2 f5 17. gxf5 gxf5 18. Nxf5 Nxf5 19. exf5 Bd5 0-1

[Event "CPA 2018 Zevio"]
[Site "?"]
[Date "2018.01.28"]
[Round "4.6"]
[White "Bertani, Gianfranco"]
[Black "Pieropan, Giorgio"]
[Result "1-0"]
[WhiteElo "1983"]
[BlackElo "1851"]
[PlyCount "97"]
[EventDate "2018.??.??"]

1. d4 d5 2. Nc3 Bf5 3. Bf4 e6 4. a3 Bd6 5. Bg3 Nf6 6. Nf3 Bxg3 7. hxg3 Ne4 8.
Nxe4 Bxe4 9. e3 Nd7 10. Nd2 Bg6 11. c4 c6 12. Be2 Nf6 13. Rc1 Qa5 14. O-O Ne4
15. Nf3 Bh5 16. c5 O-O 17. Ra1 Qc7 18. Qc2 f5 19. Bd3 Rf6 20. Ne5 Rh6 21. Bxe4
dxe4 22. b4 a6 23. a4 Rf6 24. Qc4 g5 25. b5 Bf7 26. bxc6 bxc6 27. Rab1 f4 28.
gxf4 gxf4 29. Rb6 Be8 30. exf4 Qc8 31. g3 Ra7 32. Qe2 Qd8 33. Qxe4 Rg7 34. Rfb1
Rc7 35. Rb8 Qe7 36. Nc4 Kg7 37. Qe5 Bg6 38. Re1 Rd7 39. Nd6 h6 40. g4 Kh7 41.
g5 hxg5 42. fxg5 Rf8 43. Qh2+ Kg8 44. Rxf8+ Qxf8 45. Rxe6 Bf7 46. Rf6 Re7 47.
Nxf7 Rxf7 48. Qe5 Qc8 49. Rg6+ 1-0

[Event "CPA 2018 Zevio"]
[Site "?"]
[Date "2018.01.28"]
[Round "4.7"]
[White "Fusa, Nicola"]
[Black "Oppici, Gabriele"]
[Result "1-0"]
[WhiteElo "1647"]
[BlackElo "1964"]
[PlyCount "105"]
[EventDate "2018.??.??"]

1. e4 d6 2. d4 Nf6 3. Nc3 Nbd7 4. Be3 e5 5. f3 c6 6. Nge2 Qc7 7. Qd2 b5 8. a3
Nb6 9. dxe5 dxe5 10. Ng3 Be6 11. b3 Be7 12. Bd3 O-O 13. O-O Rfd8 14. Qf2 Rab8
15. Bc5 Rb7 16. h3 Ne8 17. Bxe7 Qxe7 18. f4 exf4 19. Nge2 f3 20. Qxf3 Nd7 21.
Qf2 Ne5 22. Nf4 Nxd3 23. Nxd3 Rbd7 24. Rfb1 a6 25. Kh1 Rd4 26. Qe3 f6 27. Ne2
R4d6 28. Ng3 Bc8 29. Re1 Nc7 30. Qc5 Qf7 31. Rad1 Ne6 32. Qf2 Nd4 33. Nc5 Qg6
34. c3 Ne6 35. Rxd6 Rxd6 36. Nf5 Qh5 37. Nxd6 Nxc5 38. Nxc8 Nd3 39. Qf1 Nxe1
40. Qxe1 Qc5 41. b4 Qe5 42. Qe3 f5 43. Qd4 Qf4 44. e5 Qf1+ 45. Kh2 f4 46. Qd8+
Kf7 47. Qd7+ Kg6 48. Qe6+ Kg5 49. Ne7 g6 50. Qg4+ Kh6 51. h4 Qf2 52. Qg5+ Kg7
53. Nf5+ 1-0

[Event "CPA 2018 Zevio"]
[Site "?"]
[Date "2018.01.28"]
[Round "4.8"]
[White "Bortolazzi, Michele"]
[Black "Passon, Stefano"]
[Result "0-1"]
[WhiteElo "1922"]
[BlackElo "1689"]
[PlyCount "128"]
[EventDate "2018.??.??"]

1. e4 e5 2. Nf3 Nc6 3. Bb5 Nf6 4. d3 Bc5 5. O-O d6 6. h3 h6 7. c3 O-O 8. d4
exd4 9. cxd4 Bb6 10. Nc3 Ne7 11. b3 c6 12. Bd3 Ng6 13. Qc2 Nh5 14. Ne2 Nh4 15.
Nxh4 Qxh4 16. Kh2 Bd7 17. Ba3 c5 18. dxc5 dxc5 19. Bb2 Bc7+ 20. e5 Rac8 21.
Bh7+ Kh8 22. Bf5 Bxf5 23. Qxf5 g6 24. Qd7 Nf6 25. Qd3 Qe4 26. Qxe4 Nxe4 27. f3
Ng5 28. f4 Ne6 29. g4 Kh7 30. Kg3 Rcd8 31. Rad1 Rxd1 32. Rxd1 Rd8 33. Rxd8 Nxd8
34. Kf3 h5 35. f5 hxg4+ 36. hxg4 Kh6 37. Bc1+ Kg7 38. Ke4 Nc6 39. Bb2 Kh6 40.
Nf4 gxf5+ 41. gxf5 Kg5 42. Nd5 Bb8 43. Bc1+ Kg4 44. Nf6+ Kg3 45. Nd7 Bc7 46.
Bf4+ Kg4 47. Bh6 Nd4 48. f6 Ne6 49. Be3 b6 50. Bh6 Kh5 51. Bf8 Nxf8 52. Nxf8
Kg5 53. Nd7 Kg6 54. Kd5 Kf5 55. e6 fxe6+ 56. Kc6 Bd8 57. f7 Be7 58. Nxb6 axb6
59. Kxb6 e5 60. a4 e4 61. a5 e3 62. a6 e2 63. a7 e1=Q 64. a8=Q Qe6+ 0-1

[Event "CPA 2018 Zevio"]
[Site "?"]
[Date "2018.01.28"]
[Round "4.9"]
[White "Bonelli, Francesco"]
[Black "Peloni, Davide"]
[Result "0-1"]
[WhiteElo "1375"]
[BlackElo "1855"]
[PlyCount "60"]
[EventDate "2018.??.??"]

1. e4 Nc6 2. Nf3 f5 3. e5 d6 4. exd6 e5 5. dxc7 Qxc7 6. Bc4 e4 7. Ng5 Ne5 8.
Bb5+ Bd7 9. Bxd7+ Qxd7 10. f3 Qe7 11. f4 O-O-O 12. Qe2 Qf6 13. Nc3 Nc6 14. Qc4
Rd7 15. g3 Nh6 16. b3 Qd4 17. Qe2 Nb4 18. Ne6 Nxc2+ 19. Kf1 Qb4 20. Nxf8 Rxf8
21. Rb1 Rd3 22. Kg2 Kb8 23. Rd1 Qc5 24. Bb2 Rfd8 25. Rbc1 Nd4 26. Qf2 Ng4 27.
Qg1 Qc6 28. Kf1 e3 29. Ne2 Qf3+ 30. Ke1 Qxe2# 0-1

[Event "CPA 2018 Zevio"]
[Site "?"]
[Date "2018.01.28"]
[Round "4.10"]
[White "Nori, Marco"]
[Black "Magnabosco, Mauro Denis"]
[Result "0-1"]
[WhiteElo "1503"]
[BlackElo "1745"]
[PlyCount "121"]
[EventDate "2018.??.??"]

1. c4 Nf6 2. Nc3 e5 3. d3 Nc6 4. Nf3 Bc5 5. e3 a6 6. Be2 O-O 7. a3 a5 8. O-O
Re8 9. Qc2 d5 10. cxd5 Nxd5 11. Nxd5 Qxd5 12. Rd1 Bb6 13. Ng5 Qd8 14. Ne4 Qe7
15. Bd2 Bf5 16. Bc3 Rac8 17. Bf3 Rcd8 18. Ng3 Bg6 19. Bxc6 bxc6 20. Rac1 Rd7
21. Qa4 Bxd3 22. Qxc6 Red8 23. Qa4 f6 24. h3 Qe6 25. Qh4 h6 26. Nh5 Kh7 27. Kh1
Kg6 28. Rg1 Kf7 29. Rce1 g5 30. Qa4 Bg6 31. Ng3 h5 32. Bxa5 Bc5 33. Bc3 Bb6 34.
Rd1 Rxd1 35. Rxd1 Rxd1+ 36. Qxd1 h4 37. Nf1 Bf5 38. Qh5+ Bg6 39. Qd1 Qc6 40.
Nd2 Bf5 41. Qf3 Qd7 42. Qh5+ Bg6 43. Qf3 Qa4 44. Qd5+ Kg7 45. Nc4 Qa6 46. Kg1
Bf7 47. Qc6 Bxc4 48. Kh2 Bf7 49. Qe4 Bg6 50. Qb4 Qe2 51. Be1 Qd3 52. a4 Qe4 53.
Qe7+ Bf7 54. a5 Qc6 55. axb6 cxb6 56. Qb4 b5 57. Bc3 Qb7 58. f3 Bc4 59. Qd6 Qf7
60. Bb4 Bb3 61. Qe7 0-1

[Event "CPA 2018 Zevio"]
[Site "?"]
[Date "2018.01.28"]
[Round "4.11"]
[White "Gneo, Marco"]
[Black "Rausse, Leopoldo"]
[Result "1-0"]
[WhiteElo "1700"]
[BlackElo "1440"]
[PlyCount "73"]
[EventDate "2018.??.??"]

1. Nf3 d5 2. d4 Nf6 3. c4 e6 4. Nc3 Bb4 5. a3 Bxc3+ 6. bxc3 Ne4 7. Qc2 c5 8. e3
Nc6 9. Bd3 f5 10. O-O O-O 11. cxd5 exd5 12. c4 Be6 13. Bb2 cxd4 14. exd4 Rc8
15. Rac1 Ng5 16. Nxg5 Qxg5 17. Rfe1 Bd7 18. Qb1 Ne7 19. Re3 g6 20. Rce1 Rfe8
21. Qa2 Bc6 22. c5 Rc7 23. Bc1 Qg4 24. Qa1 Kf7 25. Rg3 Qh4 26. Bg5 Qh5 27. Be2
f4 28. Bxf4 Qh4 29. Bxc7 Nf5 30. Be5 Nxg3 31. fxg3 Qe4 32. Qc1 Ke6 33. Qh6 Bb5
34. Qh3+ Ke7 35. Qxh7+ Ke6 36. Qh3+ Ke7 37. Qh4+ 1-0

[Event "CPA 2018 Zevio"]
[Site "?"]
[Date "2018.01.28"]
[Round "4.12"]
[White "Fiscato, Claudio"]
[Black "Casarotto, Michele"]
[Result "1-0"]
[WhiteElo "1630"]
[BlackElo "1449"]
[PlyCount "69"]
[EventDate "2018.??.??"]

1. e4 e5 2. Nf3 Nf6 3. d3 d6 4. Be2 Be7 5. O-O O-O 6. h3 Nbd7 7. Nc3 c6 8. a4
a5 9. Be3 d5 10. exd5 cxd5 11. Bg5 d4 12. Nb5 Nd5 13. Bxe7 Qxe7 14. Re1 f5 15.
Bf1 Qf6 16. Qd2 b6 17. Qg5 Bb7 18. Qxf6 gxf6 19. Nd6 Ra7 20. Nxf5 Nf4 21. Nd2
Kh8 22. g3 Rg8 23. Kh2 Nd5 24. Bg2 Nb4 25. Rec1 Bxg2 26. Kxg2 Rc7 27. Nc4 e4
28. Ncd6 Ne5 29. dxe4 Rxc2 30. Nxd4 Rxb2 31. N4f5 Nbd3 32. Rf1 Nf4+ 33. Kh2
Nf3+ 34. Kh1 Nxh3 35. Nf7# 1-0

[Event "CPA 2018 Zevio"]
[Site "?"]
[Date "2018.01.28"]
[Round "4.13"]
[White "Bonini, Roberto"]
[Black "Carraroli, Damiano"]
[Result "0-1"]
[WhiteElo "1843"]
[BlackElo "1440"]
[PlyCount "106"]
[EventDate "2018.??.??"]

1. e4 d5 2. exd5 Nf6 3. d4 g6 4. h3 Bg7 5. Nf3 O-O 6. Nc3 Nbd7 7. Bf4 Nb6 8.
Be5 Nbxd5 9. Nxd5 Qxd5 10. c4 Qa5+ 11. Qd2 Qxd2+ 12. Nxd2 Ne8 13. O-O-O Bh6 14.
g4 f5 15. Bg2 Nd6 16. g5 Bxg5 17. f4 Bf6 18. Bd5+ Kg7 19. h4 c6 20. Bf3 Be6 21.
b3 a5 22. h5 a4 23. hxg6 hxg6 24. Rh3 axb3 25. axb3 Ra1+ 26. Nb1 Ne4 27. Rdh1
Bxe5 28. dxe5 Kf7 29. Rh7+ Ke8 30. Kb2 Ra8 31. R1h3 Nc5 32. Be2 Bf7 33. Nd2 Rd8
34. Kc3 Ne6 35. R3h4 Rd4 36. Nf3 Rxf4 37. Rxf4 Nxf4 38. Bf1 Ne6 39. Bd3 Bg8 40.
Rh2 Kf7 41. Ra2 Kg7 42. Ra7 Rb8 43. Kb4 Bf7 44. Ka5 Be8 45. Kb6 Bd7 46. Bc2 Kh6
47. Ra1 c5 48. Rh1+ Kg7 49. Rg1 Bc6 50. Bxf5 Kf7 51. Bxg6+ Kf8 52. Ng5 Nf4 53.
Bh7 Kg7 0-1

[Event "CPA 2018 Zevio"]
[Site "?"]
[Date "2018.01.28"]
[Round "4.14"]
[White "Kapllani, Shpetim"]
[Black "Negro, Raffaele"]
[Result "0-1"]
[WhiteElo "1631"]
[BlackElo "1875"]
[PlyCount "46"]
[EventDate "2018.??.??"]

1. d4 e6 2. Nf3 c5 3. c3 b6 4. e4 Bb7 5. Bd3 Nf6 6. e5 Nd5 7. O-O cxd4 8. cxd4
Nc6 9. a3 d6 10. Nc3 Nxc3 11. bxc3 dxe5 12. dxe5 Qc7 13. Bb5 Rd8 14. Qe2 Be7
15. Nd4 O-O 16. Nxc6 Bxc6 17. a4 Ba8 18. Ba3 Bxa3 19. Rxa3 Qc5 20. Rb3 Qd5 21.
f4 Qxb3 22. h3 Qxc3 23. Rf3 Bxf3 0-1

[Event "CPA 2018 Zevio"]
[Site "?"]
[Date "2018.01.28"]
[Round "4.15"]
[White "Rizzi, Matilde"]
[Black "Adami, Antonio"]
[Result "1/2-1/2"]
[WhiteElo "1404"]
[BlackElo "1790"]
[PlyCount "82"]
[EventDate "2018.??.??"]

1. e4 Nf6 2. Nc3 d5 3. Qf3 d4 4. Nce2 e5 5. Ng3 Nc6 6. Bc4 Be7 7. N1e2 Na5 8.
Qd3 O-O 9. O-O Nxc4 10. Qxc4 a6 11. h3 b5 12. Qd3 c5 13. Qf3 c4 14. d3 Be6 15.
Nf5 Bxf5 16. Qxf5 Qd6 17. a3 $11 a5 18. Bg5 Nd7 19. Qg4 Bxg5 20. Qxg5 f6 21.
Qg4 g6 22. Ng3 Kh8 23. f4 $11 exf4 24. Rxf4 Ne5 25. Qe2 Nxd3 26. cxd3 Qxf4 27.
Nh1 cxd3 28. Qxd3 Qe5 29. Rd1 Rad8 30. Nf2 f5 31. exf5 Qxf5 32. Qxf5 Rxf5 33.
Kf1 Kg7 34. Rd2 g5 35. Ke2 Re5+ 36. Kd3 Re3+ 37. Kc2 h5 38. Nd3 Kg6 39. Nc1 g4
40. hxg4 hxg4 41. Nb3 Rc8+ 1/2-1/2

[Event "CPA 2018 Zevio"]
[Site "?"]
[Date "2018.01.28"]
[Round "4.16"]
[White "Pizzamano, Maria"]
[Black "Bartiromo, Gerardo"]
[Result "1-0"]
[WhiteElo "1433"]
[BlackElo "1605"]
[PlyCount "91"]
[EventDate "2018.??.??"]

1. e4 e5 2. Nf3 Nc6 3. d4 exd4 4. Nxd4 Nxd4 5. Qxd4 d6 6. Nc3 Nf6 7. Bg5 Be7 8.
Bc4 Be6 9. O-O-O O-O 10. Bxe6 fxe6 11. e5 Ne8 12. Bxe7 Qxe7 13. exd6 cxd6 14.
g3 a6 15. f4 Rc8 16. Rhe1 b5 17. Ne4 Qc7 18. Re2 e5 19. Qd5+ Qf7 20. Qxf7+ Rxf7
21. Nxd6 Nxd6 22. Rxd6 exf4 23. gxf4 Rxf4 24. Rxa6 Rf1+ 25. Kd2 Rd8+ 26. Kc3
Rf3+ 27. Kb4 Rf4+ 28. Kxb5 Rb8+ 29. Rb6 Rf5+ 30. Ka6 Ra8+ 31. Kb7 Rxa2 32. c4
Rf7+ 33. Kc6 Rf6+ 34. Kb5 Rf8 35. c5 Rf5 36. Rd6 h6 37. Kb6 Ra4 38. Kb5 Ra8 39.
b4 Rb8+ 40. Rb6 Rc8 41. Rc2 h5 42. Ka6 Rc7 43. c6 Rf1 44. Rb7 Rc8 45. c7 Rf6+
46. Ka7 1-0

[Event "CPA 2018 Zevio"]
[Site "?"]
[Date "2018.01.28"]
[Round "4.17"]
[White "Leone, Cataldo"]
[Black "Pompele, Andrea"]
[Result "0-1"]
[WhiteElo "1600"]
[BlackElo "1447"]
[PlyCount "86"]
[EventDate "2018.??.??"]

1. e4 e5 2. Nc3 Nf6 3. f4 exf4 4. Nf3 Bc5 5. d4 Bb4 6. Bxf4 Nxe4 7. Qd3 d5 8.
Be2 O-O 9. O-O Re8 10. Nb5 Ba5 11. Ne5 Be6 12. Bf3 f5 13. Rad1 c6 14. Na3 Nd7
15. c4 Nxe5 16. Bxe5 Bc7 17. cxd5 Bxd5 18. Bxc7 Qxc7 19. Nc4 Rad8 20. Ne3 Qd7
21. Nxd5 Qxd5 22. b3 c5 23. Qc4 Qxc4 24. bxc4 Rxd4 25. Rxd4 cxd4 26. Rd1 Rd8
27. g4 g6 28. Kf1 b6 29. Re1 Nd2+ 30. Kf2 Nxf3 31. Kxf3 fxg4+ 32. Kxg4 d3 33.
Kf3 d2 34. Rd1 Kf7 35. Ke2 Ke6 36. Rf1 d1=Q+ 37. Rxd1 Rxd1 38. Kxd1 Ke5 39. Kc2
Kd4 40. Kb3 g5 41. Kb4 a6 42. a4 g4 43. a5 bxa5+ 0-1

[Event "CPA 2018 Zevio"]
[Site "?"]
[Date "2018.01.28"]
[Round "4.18"]
[White "Antolini, Aldo"]
[Black "Gallo, Fausto"]
[Result "0-1"]
[WhiteElo "1569"]
[BlackElo "1440"]
[PlyCount "166"]
[EventDate "2018.??.??"]

1. e4 c5 2. Nf3 e6 3. d4 cxd4 4. Nxd4 a6 5. c3 Nc6 6. Be3 Nf6 7. Bd3 Ne5 8. O-O
Bd6 9. Bc2 Neg4 10. Bg5 Bxh2+ 11. Kh1 Be5 12. Nf3 h6 13. Bh4 Bf4 14. Qd4 e5 15.
Qd6 g5 16. Bg3 Bxg3 17. fxg3 Qe7 18. Qxe7+ Kxe7 19. Na3 b5 20. Rae1 Nh5 21. Bb3
Nxg3+ 22. Kg1 Nxf1 23. Rxf1 d6 24. Bd5 Rb8 25. Bxf7 Be6 26. Bh5 Nf6 27. Bg6
Bxa2 28. Nc2 Be6 29. Ne3 Ng4 30. Nc2 Rhg8 31. Bf5 Bxf5 32. exf5 Rgf8 33. Nb4
Kd7 34. Nxa6 Ra8 35. Nb4 Rxf5 36. Re1 Nf6 37. Rd1 h5 38. Nd3 Ke6 39. Re1 e4 40.
Nd4+ Kd5 41. Nb4+ Ke5 42. Nbc6+ Kd5 43. Ne7+ Kc4 44. Nexf5 d5 45. Ne3+ Kc5 46.
Rf1 Ng4 47. Nxg4 hxg4 48. Rf6 Kc4 49. Kh2 Ra2 50. Rf2 b4 51. b3+ Kxc3 52. Nb5+
Kxb3 53. Rxa2 Kxa2 54. Kg3 Kb3 55. Kf2 Kc4 56. Nd6+ Kd3 57. Ke1 Kc2 58. Nb5 Kd3
59. Kd1 e3 60. Ke1 d4 61. Kd1 b3 62. Na3 Ke4 63. Nc4 d3 64. Nb2 Kd4 65. Na4 Kc4
66. Nb2+ Kc3 67. Na4+ Kd4 68. Nb2 Ke4 69. Nc4 Kf4 70. Nb2 Kg3 71. Nxd3 Kxg2 72.
Ke2 Kh1 73. Kxe3 g3 74. Kf3 b2 75. Nxb2 g2 76. Nd3 g1=Q 77. Nf2+ Kh2 78. Ng4+
Kh1 79. Nf2+ Qxf2+ 80. Kxf2 Kh2 81. Kf3 Kh3 82. Kf2 g4 83. Kg1 Kg3 0-1

[Event "CPA 2018 Zevio"]
[Site "?"]
[Date "2018.01.28"]
[Round "4.19"]
[White "Venturini, Valter"]
[Black "Zonta, Riccardo"]
[Result "0-1"]
[WhiteElo "1387"]
[BlackElo "1562"]
[PlyCount "112"]
[EventDate "2018.??.??"]

1. b3 b6 2. c4 Bb7 3. Bb2 e6 4. a3 Nf6 5. d3 Be7 6. e4 d6 7. Nf3 Nbd7 8. Nbd2
c5 9. Be2 h6 10. h3 O-O 11. O-O Re8 12. Ne1 e5 13. f4 exf4 14. Rxf4 Ne5 15. Nf1
Ng6 16. Rf2 Nh7 17. g3 Bf6 18. Bxf6 Nxf6 19. Ne3 Bc8 20. Nf5 Ne7 21. g4 Nxf5
22. gxf5 Qe7 23. Nf3 Bb7 24. Bf1 Rad8 25. Re2 Nd7 26. Qe1 Ne5 27. Re3 Nxf3+ 28.
Rxf3 Qe5 29. Qg3 Qxa1 30. f6 g6 31. Qh4 Qd4+ 32. Kh1 Kh7 33. Kh2 Qe5+ 34. Kg1
Qg5+ 35. Qxg5 hxg5 36. h4 gxh4 37. Rh3 Rh8 38. Rxh4+ Kg8 39. Rxh8+ Kxh8 40. Bh3
Re8 41. Kf2 Re5 42. Bd7 Rh5 43. b4 cxb4 44. axb4 a5 45. bxa5 Rxa5 46. Ke3 Kh7
47. Kd4 Kh6 48. Bb5 g5 49. e5 dxe5+ 50. Kxe5 Rxb5+ 51. cxb5 Kg6 52. d4 g4 53.
Kf4 Bf3 54. Kg3 Kxf6 55. Kf4 Ke6 56. Ke3 Kd5 0-1

[Event "CPA 2018 Zevio"]
[Site "?"]
[Date "2018.01.28"]
[Round "4.20"]
[White "Trigili, Franco"]
[Black "Biasiolo, Michele"]
[Result "0-1"]
[WhiteElo "1496"]
[BlackElo "1440"]
[PlyCount "98"]
[EventDate "2018.??.??"]

1. Nf3 Nf6 2. b3 g6 3. Bb2 Bg7 4. c4 c5 5. e3 Nc6 6. Be2 O-O 7. O-O d6 8. d3 b6
9. Na3 a6 10. Nc2 Bb7 11. Rb1 b5 12. Qd2 b4 13. e4 e5 14. h3 Bc8 15. Kh2 Nh5
16. Ng1 Nf4 17. Bf3 Ra7 18. Rfd1 Ne6 19. Re1 Kh8 20. Ne2 Ng5 21. Qe3 f6 22. a3
a5 23. axb4 Nxb4 24. Nxb4 axb4 25. Ra1 Rff7 26. Ng3 Nxf3+ 27. Qxf3 Qb6 28. h4
Rxa1 29. Rxa1 h5 30. Nxh5 gxh5 31. Qxh5+ Kg8 32. Qg6 f5 33. h5 Qd8 34. Ra8 fxe4
35. Kg1 Rf6 36. Qxe4 Rf8 37. Bc1 Qf6 38. Be3 Bf5 39. Qd5+ Qe6 40. Qc6 Rxa8 41.
Qxa8+ Kh7 42. Qc6 e4 43. Bxc5 dxc5 44. Qxc5 exd3 45. Qxb4 Qd7 46. Qd2 Bh6 47.
f4 Qd4+ 48. Kh1 Bxf4 49. Qa2 d2 0-1

[Event "CPA 2018 Zevio"]
[Site "?"]
[Date "2018.01.28"]
[Round "4.21"]
[White "Tencheni, Maurizio"]
[Black "Benedetti, Maurizio"]
[Result "1-0"]
[WhiteElo "1664"]
[BlackElo "1644"]
[PlyCount "63"]
[EventDate "2018.??.??"]

1. b3 e5 2. Bb2 Nc6 3. e3 d6 4. c4 Nf6 5. Be2 Bf5 6. d3 d5 7. cxd5 Qxd5 8. Nc3
Qd7 9. a3 Rd8 10. e4 Be6 11. Nf3 a6 12. Qc2 Nd4 13. Nxd4 exd4 14. Na4 Qb5 15.
b4 a5 16. O-O axb4 17. axb4 Bxb4 18. Rfb1 Qe5 19. Bc1 c5 20. Bd2 O-O 21. f4 Qb8
22. Nxc5 Bxd2 23. Qxd2 Bc8 24. g3 Nd7 25. Nb3 b6 26. Na5 Qd6 27. Nc4 Qc6 28.
Qb4 f5 29. Nd6 fxe4 30. Rc1 Qd5 31. dxe4 Qe6 32. Bc4 1-0

[Event "CPA 2018 Zevio"]
[Site "?"]
[Date "2018.01.28"]
[Round "4.22"]
[White "Jirillo, Antonio"]
[Black "Di Giovanni, Giuseppe"]
[Result "0-1"]
[WhiteElo "1609"]
[BlackElo "1610"]
[PlyCount "60"]
[EventDate "2018.??.??"]

1. d4 g6 2. Nc3 d5 3. Bf4 Bg7 4. Qd2 Bf5 5. f3 Nf6 6. g4 Be6 7. O-O-O Nbd7 8.
h4 h6 9. Nb5 Kf8 10. Nxc7 Rc8 11. Nxe6+ fxe6 12. e3 Nb6 13. b3 Kf7 14. Nh3 Nfd7
15. Bd3 e5 16. dxe5 Nxe5 17. Bxe5 Bxe5 18. Nf4 Qd6 19. Bxg6+ Kg7 20. Qa5 Bxf4
21. h5 Bxe3+ 22. Kb1 Qc6 23. Rhe1 Bc5 24. Bf5 Rc7 25. Re6 Bd6 26. Qe1 Qc3 27.
Rg6+ Kf8 28. Qe6 Be5 29. Rg8+ Rxg8 30. Qxh6+ Bg7 0-1

[Event "CPA 2018 Zevio"]
[Site "?"]
[Date "2018.01.28"]
[Round "5.1"]
[White "Garonzi, Martino"]
[Black "Zenari, Marco"]
[Result "1/2-1/2"]
[WhiteElo "2023"]
[BlackElo "2019"]
[PlyCount "90"]
[EventDate "2018.??.??"]

1. e4 c5 2. Nf3 d6 3. d4 cxd4 4. Nxd4 Nf6 5. f3 e5 6. Nb3 d5 7. exd5 Nxd5 8.
Bb5+ Nc6 9. Bxc6+ bxc6 10. O-O Bd6 11. c4 Ne7 12. c5 Bc7 13. Qxd8+ Bxd8 14. Nc3
O-O 15. f4 Bc7 16. fxe5 Ng6 17. Nd4 Nxe5 18. Bf4 Bd7 19. Rad1 Rfd8 20. Nf3
Nxf3+ 21. Rxf3 Bxf4 22. Rxf4 Be6 23. Rfd4 Rxd4 24. Rxd4 Kf8 25. Rd6 Rc8 26. Kf2
Ke7 27. Ke3 Bd7 28. Rd4 Be6 29. a3 Rb8 30. b4 a5 31. Ne4 axb4 32. Rxb4 Rxb4 33.
axb4 Bd5 34. g4 h6 35. h4 Ke6 36. Nd6 g6 37. Kf4 f6 38. h5 gxh5 39. gxh5 Bb3
40. Nf5 Bd1 41. Nxh6 Bxh5 42. Nf5 Bg6 43. Ne3 Bd3 44. Ng4 Bf5 45. Ne3 Bd3
1/2-1/2

[Event "CPA 2018 Zevio"]
[Site "?"]
[Date "2018.01.28"]
[Round "5.3"]
[White "Peloni, Davide"]
[Black "Carli, Carlo"]
[Result "1/2-1/2"]
[WhiteElo "1855"]
[BlackElo "2060"]
[PlyCount "126"]
[EventDate "2018.??.??"]

1. e4 g6 2. d4 Bg7 3. Nc3 e6 4. f4 Ne7 5. Nf3 d5 6. e5 Nd7 7. Bd3 a6 8. Be3 b6
9. Ne2 c5 10. c3 h5 11. Bf2 Nf5 12. Ng3 c4 13. Bc2 Qc7 14. Ng5 Nf8 15. Qe2 Nh7
16. Nf3 Bd7 17. Qd2 O-O 18. O-O Rfb8 19. Nxf5 exf5 20. Qe1 Nf8 21. Ng5 Ne6 22.
Nxe6 Bxe6 23. Be3 b5 24. Bd2 a5 25. Qe3 b4 26. Rfb1 Bf8 27. Bd1 Rb7 28. Bf3
Rab8 29. Qe1 Qb6 30. Bd1 Qa7 31. Bc2 Be7 32. g3 Bd8 33. Kg2 Be7 34. Kg1 Kg7 35.
Kg2 h4 36. Qe3 hxg3 37. hxg3 Rh8 38. Rh1 Rbb8 39. Rab1 a4 40. Rxh8 Kxh8 41.
cxb4 Bxb4 42. Bxb4 Rxb4 43. Qe1 Rb8 44. Qh1+ Kg7 45. Qh4 Kf8 46. Rh1 Ke8 47.
Bxa4+ Qxa4 48. Qh8+ Kd7 49. Qxb8 Qc2+ 50. Kh3 Qe2 51. Qd6+ Kc8 52. Qc5+ Kd7 53.
Qa7+ Kc8 54. Qa6+ Kb8 55. Qb5+ Kc8 56. Qe8+ Kc7 57. Qe7+ Kc8 58. Qh4 Qxb2 59.
Rd1 Kd7 60. Qh8 Qe2 61. Rb1 Qg4+ 62. Kg2 Qe2+ 63. Kh3 Qg4+ 1/2-1/2

[Event "CPA 2018 Zevio"]
[Site "?"]
[Date "2018.01.28"]
[Round "5.5"]
[White "Passon, Stefano"]
[Black "Goldoni, Claudio"]
[Result "1-0"]
[WhiteElo "1689"]
[BlackElo "1986"]
[PlyCount "47"]
[EventDate "2018.??.??"]

1. d4 d5 2. Nf3 Nf6 3. e3 e6 4. Bd3 c5 5. b3 Nc6 6. O-O Be7 7. Nbd2 O-O 8. Bb2
a6 9. Ne5 Nxe5 10. dxe5 Nd7 11. a4 f5 12. exf6 Nxf6 13. Nf3 Bd6 14. c4 Qc7 15.
Rc1 e5 16. cxd5 e4 17. Bxf6 exf3 18. Bd4 Qe7 19. Bxc5 fxg2 20. Re1 Qh4 21. f4
Rxf4 22. exf4 Bxf4 23. Re8+ Kf7 24. Rf8# 1-0

[Event "CPA 2018 Zevio"]
[Site "?"]
[Date "2018.01.28"]
[Round "5.6"]
[White "Marin, Alessandro"]
[Black "Fiscato, Claudio"]
[Result "1-0"]
[WhiteElo "1999"]
[BlackElo "1678"]
[PlyCount "73"]
[EventDate "2018.??.??"]

1. e4 c5 2. Nf3 e6 3. d4 cxd4 4. Nxd4 Nc6 5. c4 Nf6 6. Nc3 a6 7. Be3 d6 8. Be2
Qc7 9. O-O Be7 10. Rc1 O-O 11. Nd5 Qd8 12. Nxe7+ Nxe7 13. Bf3 h6 14. Qd2 Ng6
15. g3 Ne5 16. Bg2 Neg4 17. h3 Nxe3 18. Qxe3 Qb6 19. Rc2 Rd8 20. Rd1 Rb8 21.
Rcd2 Rf8 22. Nf5 Qxe3 23. Nxe3 Ne8 24. f4 b6 25. Nc2 Bb7 26. Re1 f5 27. exf5
exf5 28. Re7 Bxg2 29. Kxg2 Rf7 30. Rde2 Kf8 31. Rxf7+ Kxf7 32. Nb4 a5 33. Nc6
Rc8 34. Nd4 g6 35. b3 Nf6 36. Nb5 Ne4 37. Rxe4 1-0